000
00272nam a2200097Ia 4500
082
_a
ST 620.11 VANR
245
0
_a
Engineering Science N4
100
_a
Van Rensburg, M JJ ** South Africa, c.2013 ** *
_9
48613
942
_c
BK
008
210817s9999 xx 000 0 und d
999
_c
359734
_d
359733